Criminal law : (Record no. 97664)

MARC details
000 -LEADER
fixed length control field 00566nam a22001817a 4500
005 - DATE AND TIME OF LATEST TRANSACTION
control field 20151127145454.0
010 ## - LCCN (DPL NO)
LC control number ENG-114225
020 ## - INTERNATIONAL STANDARD BOOK NUMBER
International Standard Book Number 9789350353868
Terms of availability 395.00
035 ## - SYSTEM CONTROL NUMBER
System control number EN-97757
037 ## - SOURCE OF ACQUISITION
Source of stock number/acquisition DBAD/PUB
082 ## - DEWEY DECIMAL CLASSIFICATION NUMBER
Classification number 345.54
100 ## - MAIN ENTRY--PERSONAL NAME
Personal name Lakshmanan, AR.
245 ## - TITLE STATEMENT
Title Criminal law :
Statement of responsibility, etc by AR. Lakshmanan
Remainder of title including contempt of court /
260 ## - PUBLICATION, DISTRIBUTION, ETC. (IMPRINT)
Place of publication, distribution, etc Delhi
Name of publisher, distributor, etc Universal Law Publishing
Date of publication, distribution, etc 2014
270 ## - ADDRESS
Address C-FF-1A, Dilkhush Industrial Estate, G.T.Karnal Road,
City Delhi
Postal code 110033
300 ## - PHYSICAL DESCRIPTION
Extent x,183p.
Dimensions 24cm(Hb)
942 ## - ADDED ENTRY ELEMENTS (KOHA)
Source of classification or shelving scheme Dewey Decimal Classification
Item type English Books
Call number suffix LAK
Classification part 345.54
Holdings
Withdrawn status Lost status Not for loan Collection code Home library Current library Date acquired Source of acquisition Cost, normal purchase price Full call number Barcode Copy number Cost, replacement price Koha item type
    Not For Loan Non-fiction D.B.Act.Division D.B.Act.Division 06/10/2015 DBAD/PUB 395.00 345.54 LAK EN-97757 1 395.00 English Books

© Delhi Public Library
Hit Counter
free hit counter